words start W [250 common english word] - Statistics

General Stats
  • This quiz has been taken 16 times
  • The average score is 16 of 22
Answer Stats
lp Answer % Correct
5 we
100%
8 what
100%
9 when
100%
10 where
100%
13 who
100%
2 was
93%
7 were
93%
14 why
86%
1 want
79%
15 well
79%
16 will
79%
17 with
79%
4 way
64%
12 while
64%
19 work
64%
6 went
50%
11 which
50%
18 word
50%
22 would
43%
21 write
43%
3 water
36%
20 world
36%
No matching quizzes found
Score Distribution
Percent of People with Each Score
Percentile by Number Answered
Your Score History
You have not taken this quiz